[Event "4NCL/Div4/BRJ vs. PONTY"]
[Site "Birmingham ENG"]
[Date "2007.10.28"]
[Round "2.1"]
[White "Girdlestone, Paul"]
[Black "Sully, David"]
[Result "0-1"]
[WhiteElo "2240"]
[BlackElo "2135"]
[PlyCount "80"]
[EventDate "2007.10.28"]
[EventType "team"]
[EventRounds "11"]
[EventCountry "ENG"]
[SourceDate "2007.09.15"]

1. d4 e6 2. Nf3 f5 3. g3 Nf6 4. Bg2 d5 5. O-O Bd6 6. c4 c6 7. Qc2 O-O 8. b3 Qe7
9. Bb2 b6 10. Nbd2 Bb7 11. Ne5 Nbd7 12. cxd5 cxd5 13. Nxd7 Qxd7 14. Rfc1 Ba6
15. Qc6 Qe7 16. Bf1 Bb7 17. Qc2 f4 18. Bh3 Rae8 19. Qd3 Ne4 20. Rf1 Qf6 21. Bg2
Qg6 22. Rad1 Rf6 23. Qb5 Nxd2 24. Rxd2 Rd8 25. Qd3 Qh5 26. Qf3 Qg6 27. Qd3 Qh5
28. Bf3 Qg5 29. e3 fxg3 30. fxg3 Rdf8 31. Rdf2 h5 32. Bg2 Rxf2 33. Rxf2 Rxf2
34. Kxf2 h4 35. gxh4 Qxh4+ 36. Kf1 Bxh2 37. Qb5 Qd8 38. Ba3 Qc8 39. Kf2 Ba6 40.
Qb4 Qc2+ 0-1

[Event "4NCL/Div4/BRJ vs. PONTY"]
[Site "Birmingham ENG"]
[Date "2007.10.28"]
[Round "2.2"]
[White "Adams, Mark A"]
[Black "Headlong, Timothy"]
[Result "0-1"]
[WhiteElo "2023"]
[BlackElo "2201"]
[PlyCount "92"]
[EventDate "2007.10.28"]
[EventType "team"]
[EventRounds "11"]
[EventCountry "ENG"]
[SourceDate "2007.09.15"]

1. e4 c5 2. Nf3 Nc6 3. d4 cxd4 4. Nxd4 g6 5. c4 Bg7 6. Be3 Nf6 7. Nc3 d6 8. f3
O-O 9. Qd2 Nxd4 10. Bxd4 Be6 11. b3 Qa5 12. Rd1 Rfc8 13. Nd5 Qxd2+ 14. Rxd2
Bxd5 15. exd5 Nd7 16. Kf2 Bxd4+ 17. Rxd4 b5 18. Re4 Kf8 19. cxb5 Rc2+ 20. Be2
Rxa2 21. Rc1 Nc5 22. Re3 Rb2 23. Rcc3 a6 24. bxa6 Rxa6 25. b4 Nd7 26. Rc8+ Kg7
27. Rc7 Ne5 28. Rxe7 Raa2 29. Rb7 Nd3+ 30. Rxd3 Rxe2+ 31. Kg3 g5 32. f4 Rxg2+
33. Kf3 Raf2+ 34. Ke3 Rxf4 35. b5 Rxh2 36. Rd7 Rb4 37. Rxd6 Rxb5 38. Rd8 Rh3+
39. Kd4 Rb4+ 40. Kc5 Rxd3 41. Kxb4 g4 42. Kc5 h5 43. Re8 g3 44. Re2 h4 45. Kc4
Rd1 46. Re4 f5 0-1

[Event "4NCL/Div4/BRJ vs. PONTY"]
[Site "Birmingham ENG"]
[Date "2007.10.28"]
[Round "2.3"]
[White "Haydon, Richard"]
[Black "Gilbert, Jonathan A"]
[Result "1/2-1/2"]
[WhiteElo "2190"]
[BlackElo "2058"]
[PlyCount "56"]
[EventDate "2007.10.28"]
[EventType "team"]
[EventRounds "11"]
[EventCountry "ENG"]
[SourceDate "2007.09.15"]

1. Nf3 d5 2. g3 g6 3. Bg2 Bg7 4. O-O Nf6 5. d3 O-O 6. Nbd2 c6 7. e4 dxe4 8.
dxe4 Na6 9. Qe2 Nc5 10. e5 Nd5 11. Nc4 Bg4 12. h3 Bxf3 13. Bxf3 e6 14. Bg2 Qc7
15. f4 Rad8 16. Bd2 b6 17. Rae1 Qd7 18. Bc1 b5 19. Nd6 a6 20. Kh1 f6 21. exf6
Nxf6 22. Rd1 Nd5 23. Ne4 Nxe4 24. Bxe4 e5 25. Bg2 exf4 26. Bxf4 Nxf4 27. gxf4
Qc8 28. c3 Kh8 1/2-1/2

[Event "4NCL/Div4/BRJ vs. PONTY"]
[Site "Birmingham ENG"]
[Date "2007.10.28"]
[Round "2.4"]
[White "Perrett, David"]
[Black "Richmond, Jane"]
[Result "1/2-1/2"]
[WhiteElo "2032"]
[BlackElo "2140"]
[PlyCount "127"]
[EventDate "2007.10.28"]
[EventType "team"]
[EventRounds "11"]
[EventCountry "ENG"]
[SourceDate "2007.09.15"]

1. d4 e6 2. Bf4 Nf6 3. e3 c5 4. c3 Nc6 5. Nd2 b6 6. Nc4 d5 7. Ne5 Nxe5 8. Bxe5
a6 9. Bd3 Bb7 10. Ne2 Nd7 11. Bg3 b5 12. O-O Be7 13. f3 Rc8 14. Qb1 Nb6 15. b3
c4 16. bxc4 Nxc4 17. Bxc4 Rxc4 18. a4 Bc6 19. axb5 Bxb5 20. Rc1 Rc6 21. Nf4 Qc8
22. Be1 Rb6 23. Qa2 Bc4 24. Qa4+ Qd7 25. Qa5 Qb7 26. Qa4+ Qd7 27. Qa5 Qb7 28.
Qa4+ Kd8 29. Qa5 Kd7 30. Qa4+ Qc6 31. Qc2 Bb3 32. Qd2 Rhb8 33. Nd3 f6 34. Rcb1
Bc4 35. Qc2 g6 36. e4 Rxb1 37. Rxb1 Rxb1 38. Qxb1 Bb5 39. Nb2 Ba3 40. exd5 exd5
41. h4 Qe6 42. Bf2 Qe2 43. Nd1 Qf1+ 44. Kh2 Bd6+ 45. Bg3 Bxg3+ 46. Kxg3 Qe1+
47. Kh3 Kc7 48. Qc2 Bd7+ 49. Kh2 Qxh4+ 50. Kg1 Qe1+ 51. Kh2 Bb5 52. Qb3 Bc4 53.
Qa4 Qd2 54. Qa5+ Kd7 55. Qa4+ Ke7 56. Qb4+ Ke6 57. Qb8 Bb5 58. Qg8+ Kd6 59.
Qf8+ Kd7 60. Qf7+ Kc8 61. Qe6+ Bd7 62. Qxa6+ Kc7 63. Qa5+ Kc8 64. Qc5+ 1/2-1/2

[Event "4NCL/Div4/BRJ vs. PONTY"]
[Site "Birmingham ENG"]
[Date "2007.10.28"]
[Round "2.5"]
[White "Cabero, Pablo Padilla"]
[Black "Davis, Lee"]
[Result "1-0"]
[WhiteElo "2152"]
[BlackElo "2066"]
[PlyCount "63"]
[EventDate "2007.10.28"]
[EventType "team"]
[EventRounds "11"]
[EventCountry "ENG"]
[SourceDate "2007.09.15"]

1. e4 g6 2. Nc3 Bg7 3. g3 d6 4. Bg2 c6 5. d3 Qc7 6. Be3 Nf6 7. h3 e5 8. Qd2 b5
9. Bh6 O-O 10. Bxg7 Kxg7 11. f4 b4 12. Nd1 d5 13. Ne2 dxe4 14. dxe4 Na6 15. O-O
Qb6+ 16. Kh2 Rd8 17. Qc1 Nc5 18. fxe5 Ng8 19. Qf4 Qc7 20. Ne3 Ba6 21. Nf5+ Kh8
22. Nd6 Rf8 23. Qe3 Ne6 24. Rfd1 Qa5 25. Nd4 Qc5 26. c3 Ne7 27. Rac1 Qxe5 28.
Nf3 Qa5 29. cxb4 Qxb4 30. Ne5 Nd8 31. Qh6 Kg8 32. Nd7 1-0

[Event "4NCL/Div4/BRJ vs. PONTY"]
[Site "Birmingham ENG"]
[Date "2007.10.28"]
[Round "2.6"]
[White "Davis, Ashley"]
[Black "Tomboline, David"]
[Result "0-1"]
[WhiteElo "1640"]
[BlackElo "2040"]
[PlyCount "60"]
[EventDate "2007.10.28"]
[EventType "team"]
[EventRounds "11"]
[EventCountry "ENG"]
[SourceDate "2007.09.15"]

1. d4 e6 2. Nf3 b6 3. g3 Bb7 4. Bg2 f5 5. O-O Nf6 6. c4 Be7 7. Nc3 Ne4 8. Nxe4
Bxe4 9. Bf4 O-O 10. Nd2 Bxg2 11. Kxg2 g5 12. Be3 f4 13. Bxf4 gxf4 14. e3 f3+
15. Nxf3 Bf6 16. e4 Nc6 17. e5 Bg7 18. Re1 Qe7 19. d5 Nd8 20. Re4 Nf7 21. Qd3
Rae8 22. Rae1 Qc5 23. R1e2 Qe7 24. a3 a5 25. Re1 Nh6 26. R1e2 Qf7 27. Rf4 Qh5
28. Rh4 Qg6 29. Rhe4 Nf5 30. Rf4 Nh4+ 0-1

[Event "4NCL/Div4/CHED vs. NOTT1"]
[Site "Birmingham ENG"]
[Date "2007.10.28"]
[Round "2.1"]
[White "Acey, Gerald"]
[Black "Richmond, Robert J"]
[Result "0-1"]
[WhiteElo "2150"]
[BlackElo "2257"]
[PlyCount "80"]
[EventDate "2007.10.28"]
[EventType "team"]
[EventRounds "11"]
[EventCountry "ENG"]
[SourceDate "2007.09.15"]

1. c4 f5 2. g3 Nf6 3. Bg2 g6 4. Nc3 Bg7 5. d3 e5 6. e4 fxe4 7. dxe4 d6 8. Nge2
O-O 9. O-O Be6 10. b3 c5 11. Bg5 Nc6 12. Nd5 Bxd5 13. cxd5 Nd4 14. Nxd4 exd4
15. Rc1 h6 16. Bxf6 Qxf6 17. Qd3 g5 18. Bh3 Qf3 19. Be6+ Kh8 20. Qxf3 Rxf3 21.
Kg2 Rc3 22. Rxc3 dxc3 23. f4 gxf4 24. gxf4 Rf8 25. Kg3 b5 26. Re1 Bd4 27. Re2
Kg7 28. e5 dxe5 29. fxe5 Rf2 30. Re1 Rd2 31. Rc1 Bxe5+ 32. Kf3 Rxh2 33. Ke4
Re2+ 34. Kf5 Bf6 35. Rg1+ Bg5 36. d6 c2 37. d7 Rd2 38. Ke5 Rd1 39. Rxg5+ hxg5
40. Bd5 Rxd5+ 0-1

[Event "4NCL/Div4/CHED vs. NOTT1"]
[Site "Birmingham ENG"]
[Date "2007.10.28"]
[Round "2.2"]
[White "Mercs, Peter J"]
[Black "Armstrong, William G"]
[Result "1/2-1/2"]
[WhiteElo "2067"]
[BlackElo "1949"]
[PlyCount "68"]
[EventDate "2007.10.28"]
[EventType "team"]
[EventRounds "11"]
[EventCountry "ENG"]
[SourceDate "2007.09.15"]

1. e4 c5 2. Nf3 Nc6 3. d4 cxd4 4. Nxd4 Nf6 5. Nc3 e5 6. Ndb5 d6 7. Bg5 a6 8.
Na3 b5 9. Nd5 Be7 10. Bxf6 Bxf6 11. c3 O-O 12. Nc2 Rb8 13. Be2 Bg5 14. Nde3 Kh8
15. Bg4 Be6 16. Bxe6 fxe6 17. O-O b4 18. Qd3 a5 19. Rad1 bxc3 20. bxc3 Be7 21.
Nc4 Qc7 22. N2e3 Rfd8 23. Qe2 Bf8 24. Rd3 Ne7 25. a4 d5 26. Na3 dxe4 27. Rxd8
Rxd8 28. Nb5 Qc5 29. Qc4 Nd5 30. Qxe4 Nxc3 31. Nxc3 Qxc3 32. Qc4 Qd4 33. Qxe6
Qxa4 34. Qxe5 Bb4 1/2-1/2

[Event "4NCL/Div4/CHED vs. NOTT1"]
[Site "Birmingham ENG"]
[Date "2007.10.28"]
[Round "2.3"]
[White "Laurence, Geoffrey"]
[Black "Levens, David"]
[Result "1/2-1/2"]
[WhiteElo "1965"]
[BlackElo "2010"]
[PlyCount "81"]
[EventDate "2007.10.28"]
[EventType "team"]
[EventRounds "11"]
[EventCountry "ENG"]
[SourceDate "2007.09.15"]

1. d4 d5 2. Nf3 Nf6 3. e3 Bf5 4. c4 e6 5. Nc3 c6 6. cxd5 exd5 7. Bd3 Bg6 8. Qc2
Nbd7 9. Bd2 Bd6 10. Bxg6 hxg6 11. O-O-O Qe7 12. h3 Ne4 13. Nxe4 dxe4 14. Ng1 c5
15. Ne2 Rc8 16. Kb1 O-O 17. Rc1 b5 18. f3 Nf6 19. dxc5 Rxc5 20. Qb3 Rg5 21. Nf4
Rb8 22. h4 Rg3 23. Be1 Bxf4 24. exf4 Rxg2 25. Bb4 Qd7 26. Rhd1 Qf5 27. fxe4
Nxe4 28. Ka1 Qxf4 29. Qd5 Qf2 30. Rb1 Nf6 31. Qd6 Rc8 32. Rd2 Qg3 33. Qa6 Re8
34. Rxg2 Qxg2 35. Qxb5 Qe4 36. Bc3 Nd5 37. Ba5 Nf6 38. Qa6 Re5 39. Qxa7 Qd5 40.
Bc3 Rh5 41. Qb8+ 1/2-1/2

[Event "4NCL/Div4/CHED vs. NOTT1"]
[Site "Birmingham ENG"]
[Date "2007.10.28"]
[Round "2.4"]
[White "Truman, Richard G"]
[Black "Whitfield, Craig M"]
[Result "0-1"]
[WhiteElo "2040"]
[BlackElo "1955"]
[PlyCount "62"]
[EventDate "2007.10.28"]
[EventType "team"]
[EventRounds "11"]
[EventCountry "ENG"]
[SourceDate "2007.09.15"]

1. d4 Nf6 2. c4 g6 3. Nc3 Bg7 4. e4 d6 5. f3 O-O 6. Be3 e5 7. d5 a5 8. Qd2 Ne8
9. Bd3 f5 10. Nge2 Na6 11. O-O-O b6 12. Bc2 Nb4 13. Ba4 Bd7 14. Bxd7 Qxd7 15.
exf5 gxf5 16. h3 Nf6 17. g4 e4 18. Nd4 fxg4 19. hxg4 exf3 20. Ne6 Nxg4 21. Bd4
Ne5 22. Qh2 Ned3+ 23. Kb1 Bxd4 24. Nxd4 f2 25. Ne6 Qf7 26. a3 Qg6 27. Nxf8 Rxf8
28. Ka1 Nc2+ 29. Ka2 Ne3 30. Rxd3 Qxd3 31. Qg3+ Kh8 0-1

[Event "4NCL/Div4/CHED vs. NOTT1"]
[Site "Birmingham ENG"]
[Date "2007.10.28"]
[Round "2.5"]
[White "Yee, John Y"]
[Black "Wright, Antony J"]
[Result "1-0"]
[WhiteElo "1920"]
[BlackElo "1995"]
[PlyCount "63"]
[EventDate "2007.10.28"]
[EventType "team"]
[EventRounds "11"]
[EventCountry "ENG"]
[SourceDate "2007.09.15"]

1. e4 e6 2. d4 d5 3. Nc3 Nf6 4. e5 Nfd7 5. Nf3 a6 6. Ne2 c5 7. c3 Nc6 8. Bd2
Be7 9. Ng3 Qb6 10. Qb3 Qxb3 11. axb3 cxd4 12. cxd4 Nb4 13. Rc1 Nb8 14. Rxc8+
Bd8 15. Bxb4 Kd7 16. Rc1 Nc6 17. Bc3 Be7 18. Be2 h6 19. O-O Rab8 20. Ra1 Rhc8
21. h3 Rc7 22. Nh5 Bf8 23. Nf4 Be7 24. Nd3 Rcc8 25. b4 Ke8 26. Nc5 Nd8 27. Rfc1
Ra8 28. Na4 Rab8 29. b5 axb5 30. Bxb5+ Kf8 31. Nb6 Rc7 32. Nd7+ 1-0

[Event "4NCL/Div4/CHED vs. NOTT1"]
[Site "Birmingham ENG"]
[Date "2007.10.28"]
[Round "2.6"]
[White "Kingston, Ian"]
[Black "Stepanyan, Henrik"]
[Result "1-0"]
[WhiteElo "2025"]
[BlackElo "1920"]
[PlyCount "41"]
[EventDate "2007.10.28"]
[EventType "team"]
[EventRounds "11"]
[EventCountry "ENG"]
[SourceDate "2007.09.15"]

1. e4 e5 2. Nf3 Nc6 3. Bb5 Nf6 4. O-O Nxe4 5. d4 Nd6 6. Bxc6 dxc6 7. dxe5 Nf5
8. Qxd8+ Kxd8 9. Bd2 Be6 10. Bc3 Bc5 11. Nbd2 Bd5 12. Ng5 Ne3 13. Nxf7+ Bxf7
14. fxe3 Bxe3+ 15. Kh1 Bxd2 16. Rxf7 Bxc3 17. bxc3 g6 18. Rd1+ Ke8 19. Rdd7 Rb8
20. Rxc7 h5 21. Kg1 1-0

[Event "4NCL/Div4/AMCAD vs. GLOSG"]
[Site "Birmingham ENG"]
[Date "2007.10.28"]
[Round "2.1"]
[White "Morris-Hill, Ray"]
[Black "Ponter, Ian"]
[Result "1-0"]
[WhiteElo "2105"]
[BlackElo "2037"]
[PlyCount "133"]
[EventDate "2007.10.28"]
[EventType "team"]
[EventRounds "11"]
[EventCountry "ENG"]
[SourceDate "2007.09.15"]

1. d4 d5 2. Nf3 Nf6 3. e3 Bf5 4. c4 c6 5. Nc3 e6 6. Nh4 Bg4 7. Qb3 Qb6 8. h3
Bh5 9. g4 Bg6 10. Nxg6 hxg6 11. Bg2 Nbd7 12. Bd2 Qa6 13. cxd5 exd5 14. g5 Ng8
15. O-O-O Qb6 16. e4 Qxb3 17. axb3 dxe4 18. Bxe4 O-O-O 19. Bf4 Ne7 20. d5 Nc5
21. Bf3 Nxd5 22. Nxd5 cxd5 23. Bxd5 Ne6 24. Bg3 Be7 25. h4 Rd7 26. Rhe1 Rhd8
27. Bc4 Bb4 28. Rxd7 Kxd7 29. Rd1+ Ke7 30. Rxd8 Nxd8 31. f3 Ne6 32. Bd5 b6 33.
Kc2 Nd4+ 34. Kd3 Nf5 35. Bf2 Bd6 36. Be4 Ke6 37. Kc4 Be5 38. Bd5+ Ke7 39. Kb5
Bxb2 40. Ka6 Bd4 41. Bxd4 Nxd4 42. Kxa7 Kd6 43. Bxf7 Kc5 44. f4 Ne2 45. Bxg6
Nxf4 46. Bf7 g6 47. Kb7 b5 48. Kc7 Kd4 49. Kc6 b4 50. Kb5 Kc3 51. Kc5 Nd3+ 52.
Kd6 Nf4 53. Ke5 Nd3+ 54. Kf6 Nf4 55. Ke5 Nd3+ 56. Ke4 Nc5+ 57. Ke3 Nxb3 58. h5
gxh5 59. Bxb3 Kxb3 60. g6 Kc2 61. g7 b3 62. g8=Q b2 63. Qc4+ Kb1 64. Kd2 h4 65.
Kc3 Ka1 66. Qa4+ Kb1 67. Qb3 1-0

[Event "4NCL/Div4/AMCAD vs. GLOSG"]
[Site "Birmingham ENG"]
[Date "2007.10.28"]
[Round "2.2"]
[White "Lambourne, Daniel M"]
[Black "McCullough, Simon L"]
[Result "1-0"]
[WhiteElo "2100"]
[BlackElo "2080"]
[PlyCount "93"]
[EventDate "2007.10.28"]
[EventType "team"]
[EventRounds "11"]
[EventCountry "ENG"]
[SourceDate "2007.09.15"]

1. c4 Nf6 2. Nc3 b6 3. d4 d5 4. cxd5 Nxd5 5. e4 Nxc3 6. bxc3 Bb7 7. Bd3 Nd7 8.
Nf3 g6 9. Bf4 Bg7 10. Qd2 Nf6 11. Bb5+ c6 12. Bd3 h5 13. h3 Nd7 14. e5 e6 15.
Ng5 c5 16. Bxg6 fxg6 17. Nxe6 Qe7 18. Nc7+ Kd8 19. Nxa8 Bxa8 20. O-O Kc8 21.
Rfe1 Qe6 22. Rad1 Rf8 23. d5 Qxd5 24. Qxd5 Bxd5 25. Rxd5 Rxf4 26. e6 Nf6 27. e7
Ra4 28. e8=Q+ Nxe8 29. Rxe8+ Kc7 30. Rd3 Bf6 31. Re6 Bh8 32. Rf3 Kb7 33. Re8
Bxc3 34. Rxc3 Rxa2 35. Rg8 Kc6 36. Rxg6+ Kb5 37. Rg5 Kb4 38. Re3 c4 39. Rxh5 a5
40. Re6 Kc3 41. Rxb6 a4 42. Ra5 a3 43. h4 Ra1+ 44. Kh2 a2 45. Rc6 Kb4 46. Ra8
Kc3 47. Ra4 1-0

[Event "4NCL/Div4/AMCAD vs. GLOSG"]
[Site "Birmingham ENG"]
[Date "2007.10.28"]
[Round "2.3"]
[White "Duvall, Ian"]
[Black "Buchanan, David"]
[Result "1/2-1/2"]
[WhiteElo "2045"]
[BlackElo "2090"]
[PlyCount "34"]
[EventDate "2007.10.28"]
[EventType "team"]
[EventRounds "11"]
[EventCountry "ENG"]
[SourceDate "2007.09.15"]

1. d4 d5 2. c4 c5 3. e3 Nf6 4. Nc3 cxd4 5. exd4 Nc6 6. Nf3 e6 7. Be2 h6 8. O-O
Bd6 9. b3 O-O 10. a4 Re8 11. Ba3 Bxa3 12. Rxa3 Ne4 13. Qc1 Qa5 14. Na2 e5 15.
cxd5 Qxd5 16. dxe5 Nxe5 17. Nc3 Nxc3 1/2-1/2

[Event "4NCL/Div4/AMCAD vs. GLOSG"]
[Site "Birmingham ENG"]
[Date "2007.10.28"]
[Round "2.4"]
[White "Hosken, Nigel"]
[Black "Staples, Daniel J"]
[Result "0-1"]
[WhiteElo "1992"]
[BlackElo "2045"]
[PlyCount "44"]
[EventDate "2007.10.28"]
[EventType "team"]
[EventRounds "11"]
[EventCountry "ENG"]
[SourceDate "2007.09.15"]

1. d4 Nf6 2. c4 e6 3. Nc3 Bb4 4. Bg5 h6 5. Bh4 c5 6. d5 d6 7. e3 Bxc3+ 8. bxc3
e5 9. Bd3 Qe7 10. Ne2 g5 11. Bg3 Nbd7 12. Bf5 Nb6 13. Bxc8 Rxc8 14. f3 O-O 15.
Qb3 Rb8 16. e4 Nh5 17. Bf2 Nf4 18. Kd2 Nxe2 19. Kxe2 f5 20. Raf1 fxe4 21. fxe4
Qh7 22. Qc2 Rf4 0-1

[Event "4NCL/Div4/AMCAD vs. GLOSG"]
[Site "Birmingham ENG"]
[Date "2007.10.28"]
[Round "2.5"]
[White "Mitchell, Stephen R"]
[Black "Meade, Philip J"]
[Result "0-1"]
[WhiteElo "2010"]
[BlackElo "2020"]
[PlyCount "116"]
[EventDate "2007.10.28"]
[EventType "team"]
[EventRounds "11"]
[EventCountry "ENG"]
[SourceDate "2007.09.15"]

1. d4 Nf6 2. c4 e6 3. Nc3 Bb4 4. e3 b6 5. Nge2 Bb7 6. a3 Be7 7. d5 a5 8. e4 d6
9. Ng3 Na6 10. Be2 O-O 11. O-O Qd7 12. Be3 Rfe8 13. Rb1 exd5 14. exd5 Nc5 15.
b4 axb4 16. axb4 Na4 17. Nb5 c6 18. dxc6 Bxc6 19. Qb3 Rec8 20. Rfc1 d5 21. Nd4
dxc4 22. Bxc4 Bd5 23. Bxd5 Nxd5 24. Bd2 b5 25. Rxc8+ Rxc8 26. Ngf5 Bf8 27. Ne3
Ndc3 28. Nf3 Nxb1 29. Qxb1 Nc3 30. Qb2 Ne4 31. Be1 Qe6 32. g3 g6 33. Kg2 Bg7
34. Qb1 f5 35. Qd3 Qc6 36. Nd5 Kf8 37. Nf4 Ng5 38. h4 Qxf3+ 39. Qxf3 Nxf3 40.
Kxf3 Bc3 41. Bxc3 Rxc3+ 42. Ke2 Rc4 43. Nd3 Ke7 44. Kd2 Kd6 45. Ke2 Kd5 46. Ke3
Re4+ 47. Kd2 Kc4 48. Nc5 Re7 49. h5 gxh5 50. Kd1 Re5 51. Na6 Re6 52. Nc5 Rd6+
53. Kc2 Kxb4 54. Nd3+ Rxd3 55. Kxd3 Kc5 56. Kc3 Kd5 57. Kd3 b4 58. f3 f4 0-1

[Event "4NCL/Div4/AMCAD vs. GLOSG"]
[Site "Birmingham ENG"]
[Date "2007.10.28"]
[Round "2.6"]
[White "Dodwell, Phil"]
[Black "Green, George D A"]
[Result "1/2-1/2"]
[WhiteElo "2015"]
[BlackElo "1965"]
[PlyCount "39"]
[EventDate "2007.10.28"]
[EventType "team"]
[EventRounds "11"]
[EventCountry "ENG"]
[SourceDate "2007.09.15"]

1. e4 e5 2. f4 d6 3. Bc4 Nf6 4. d3 Nc6 5. Bb5 Bd7 6. Nf3 exf4 7. Bxf4 Be7 8. c4
O-O 9. O-O a6 10. Ba4 Ne5 11. Bc2 Bg4 12. Nbd2 c6 13. Kh1 Bh5 14. Qe1 Nfd7 15.
Qg3 Bf6 16. Rab1 Re8 17. Rfd1 Ng6 18. Rf1 Nxf4 19. Qxf4 Ne5 20. Nxe5 1/2-1/2

[Event "4NCL/Div4/ATH vs. CELT1"]
[Site "Birmingham ENG"]
[Date "2007.10.28"]
[Round "2.1"]
[White "Pedersen, Carsten"]
[Black "Wippermann, Till"]
[Result "0-1"]
[WhiteElo "2141"]
[BlackElo "2438"]
[PlyCount "60"]
[EventDate "2007.10.28"]
[EventType "team"]
[EventRounds "11"]
[EventCountry "ENG"]
[SourceDate "2007.09.15"]

1. e4 c5 2. Nc3 Nc6 3. g3 g6 4. Bg2 Bg7 5. d3 d6 6. f4 e5 7. Nf3 Nge7 8. O-O
O-O 9. f5 gxf5 10. Nh4 fxe4 11. dxe4 f6 12. Nd5 Nxd5 13. Qxd5+ Kh8 14. c3 Ne7
15. Qd3 Qb6 16. Be3 Be6 17. c4 Rab8 18. Rad1 Rfd8 19. Rf2 a6 20. Rfd2 Qc7 21.
Bf1 b5 22. Qc2 Nc6 23. Nf5 Bf8 24. b3 Nd4 25. Bxd4 cxd4 26. g4 Rdc8 27. h4 Qa7
28. Kh1 bxc4 29. Bxc4 Bxc4 30. bxc4 Rb4 0-1

[Event "4NCL/Div4/ATH vs. CELT1"]
[Site "Birmingham ENG"]
[Date "2007.10.28"]
[Round "2.2"]
[White "Kemp, Peter D"]
[Black "Stevenson, James A B"]
[Result "1/2-1/2"]
[WhiteElo "2189"]
[BlackElo "2067"]
[PlyCount "40"]
[EventDate "2007.10.28"]
[EventType "team"]
[EventRounds "11"]
[EventCountry "ENG"]
[SourceDate "2007.09.15"]

1. d4 d5 2. c4 c6 3. Nf3 e6 4. e3 Nf6 5. Nc3 Nbd7 6. Bd3 dxc4 7. Bxc4 b5 8. Bd3
a6 9. O-O c5 10. Bc2 Bb7 11. Qe2 Qc7 12. Bd2 cxd4 13. Nxd4 e5 14. Rfe1 exd4 15.
exd4+ Kd8 16. Ne4 Bd6 17. Nxd6 Qxd6 18. Ba5+ Kc8 19. Bb3 Kb8 20. Bxf7 Nd5
1/2-1/2

[Event "4NCL/Div4/ATH vs. CELT1"]
[Site "Birmingham ENG"]
[Date "2007.10.28"]
[Round "2.3"]
[White "Gruettner, Ralf"]
[Black "Josse, Mark"]
[Result "0-1"]
[WhiteElo "2096"]
[BlackElo "2140"]
[PlyCount "69"]
[EventDate "2007.10.28"]
[EventType "team"]
[EventRounds "11"]
[EventCountry "ENG"]
[SourceDate "2007.09.15"]

1. e4 c5 2. Nf3 d6 3. d4 cxd4 4. Nxd4 Nf6 5. Nc3 a6 6. Be2 e5 7. Nf3 Be7 8. Bg5
Nbd7 9. Qd2 O-O 10. O-O b5 11. Bxf6 Nxf6 12. Rad1 Bb7 13. Qe3 Qc7 14. a3 Rfd8
15. Bd3 Re8 16. Kh1 Rad8 17. Ng5 h6 18. Nh3 d5 19. exd5 Nxd5 20. Nxd5 Bxd5 21.
f3 Bc5 22. Qe2 Bd4 23. c3 Bb6 24. Nf2 Bb3 25. Rd2 Qe7 26. Ng4 Qg5 27. Re1 f5
28. Ne3 Bxe3 29. Qxe3 Qxe3 30. Rxe3 e4 31. fxe4 fxe4 32. h3 exd3 33. Rdxd3 Rxd3
34. Rxd3 Kf7 35. Kg1 0-1

[Event "4NCL/Div4/ATH vs. CELT1"]
[Site "Birmingham ENG"]
[Date "2007.10.28"]
[Round "2.4"]
[White "French, Angus"]
[Black "McLaughlin, Noel"]
[Result "1-0"]
[WhiteElo "2106"]
[BlackElo "2025"]
[PlyCount "47"]
[EventDate "2007.10.28"]
[EventType "team"]
[EventRounds "11"]
[EventCountry "ENG"]
[SourceDate "2007.09.15"]

1. e4 c5 2. c3 d5 3. exd5 Qxd5 4. d4 Nc6 5. Nf3 Bg4 6. dxc5 Qxd1+ 7. Kxd1 e5 8.
b4 e4 9. h3 Bxf3+ 10. gxf3 exf3 11. Kc2 g6 12. Bc4 Ne5 13. Re1 f6 14. Bf4 Bg7
15. Nd2 Ne7 16. Bxe5 fxe5 17. Nxf3 Rf8 18. Nxe5 Rxf2+ 19. Kb3 O-O-O 20. Nd3
Rxd3 21. Bxd3 Nd5 22. Rf1 Rd2 23. Rad1 Rh2 24. Bc4 1-0

[Event "4NCL/Div4/ATH vs. CELT1"]
[Site "Birmingham ENG"]
[Date "2007.10.28"]
[Round "2.5"]
[White "Aniecko, Colin"]
[Black "Haldane, Robin"]
[Result "0-1"]
[WhiteElo "1712"]
[BlackElo "2151"]
[PlyCount "54"]
[EventDate "2007.10.28"]
[EventType "team"]
[EventRounds "11"]
[EventCountry "ENG"]
[SourceDate "2007.09.15"]

1. e4 e5 2. Nf3 Nc6 3. Nc3 Nf6 4. d4 exd4 5. Nxd4 Bb4 6. Nxc6 bxc6 7. Bd3 d5 8.
O-O Bxc3 9. bxc3 dxe4 10. Ba3 exd3 11. cxd3 Be6 12. Re1 Qd5 13. c4 Qa5 14. Qb3
Kd7 15. Bb4 Qg5 16. Qc3 c5 17. Ba5 Bh3 18. g3 Qf5 19. f4 Rhe8 20. Bxc7 Nd5 21.
cxd5 Qxd5 22. Qd2 Kxc7 23. Qa5+ Kd6 24. Qd2 Rab8 25. Rac1 Rxe1+ 26. Rxe1 Qd4+
27. Kh1 Rb2 0-1

[Event "4NCL/Div4/ATH vs. CELT1"]
[Site "Birmingham ENG"]
[Date "2007.10.28"]
[Round "2.6"]
[White "Evans, Craig"]
[Black "Sant, Maria"]
[Result "1-0"]
[WhiteElo "2034"]
[BlackElo "1380"]
[PlyCount "57"]
[EventDate "2007.10.28"]
[EventType "team"]
[EventRounds "11"]
[EventCountry "ENG"]
[SourceDate "2007.09.15"]

1. e4 e5 2. f4 exf4 3. Nf3 Nf6 4. e5 Nd5 5. Nc3 Nxc3 6. dxc3 Be7 7. Bxf4 O-O 8.
Bc4 h6 9. Qe2 d6 10. O-O-O Bg4 11. Qe4 Qd7 12. Qxb7 Nc6 13. Bb5 Rab8 14. Qxc6
Qxc6 15. Bxc6 dxe5 16. Bxe5 Bg5+ 17. Kb1 Rb6 18. Bd7 Rfb8 19. b3 R8b7 20. Bxg4
Be7 21. Rhe1 Rb5 22. Nd4 R5b6 23. Bf3 c6 24. Nxc6 Bh4 25. g3 Bg5 26. Bd4 Rd7
27. Re8+ Kh7 28. Be4+ g6 29. Rh8# 1-0

[Event "4NCL/Div4/LIT1 vs. SCS"]
[Site "Birmingham ENG"]
[Date "2007.10.28"]
[Round "2.1"]
[White "Edwards, Alan"]
[Black "Haydon, David"]
[Result "0-1"]
[WhiteElo "2086"]
[BlackElo "2080"]
[PlyCount "54"]
[EventDate "2007.10.28"]
[EventType "team"]
[EventRounds "11"]
[EventCountry "ENG"]
[SourceDate "2007.09.15"]

1. e4 c6 2. d4 d5 3. exd5 cxd5 4. c4 Nf6 5. Nc3 e6 6. Nf3 Bb4 7. cxd5 Qxd5 8.
Bd3 Nc6 9. O-O Qd8 10. a3 Bd6 11. Ne4 Be7 12. Bc2 Nxe4 13. Bxe4 Bf6 14. Be3 Bd7
15. Qd3 a6 16. Rac1 h6 17. Qe2 Ne7 18. Bxb7 Bb5 19. Qd1 Rb8 20. Be4 Bxf1 21.
Qxf1 Rxb2 22. Qxa6 O-O 23. Bb1 Qd5 24. Qd3 Nf5 25. Nd2 Bxd4 26. Bxd4 Qxd4 27.
Nf3 Qxf2+ 0-1

[Event "4NCL/Div4/LIT1 vs. SCS"]
[Site "Birmingham ENG"]
[Date "2007.10.28"]
[Round "2.2"]
[White "Sathyanandha, Saravanan"]
[Black "Jones, Christopher M"]
[Result "1-0"]
[WhiteElo "1909"]
[BlackElo "2145"]
[PlyCount "51"]
[EventDate "2007.10.28"]
[EventType "team"]
[EventRounds "11"]
[EventCountry "ENG"]
[SourceDate "2007.09.15"]

1. d4 Nf6 2. c4 e6 3. Nc3 Be7 4. e4 d6 5. f4 c5 6. Nf3 O-O 7. Be2 b6 8. O-O Bb7
9. d5 exd5 10. cxd5 a6 11. a4 Nbd7 12. h3 Rc8 13. b3 Nh5 14. Kh2 Bf6 15. Qd3 c4
16. bxc4 Nc5 17. Qc2 Bxc3 18. Qxc3 Nxe4 19. Qd4 Re8 20. Bd3 Nc5 21. Ng5 Nb3 22.
Bxh7+ Kf8 23. Qd1 Nxa1 24. Qxh5 g6 25. Bxg6 Ke7 26. Bf5 1-0